Statistics for Busiest Airports in Africa

Click here to take the quiz!

General Stats

  • This quiz has been taken 139 times
  • The average score is 11 of 15

Answer Stats

PassengersAirport% Correct
15.0MCairo
98%
10.8MCape Town
98%
21.2MJohannesburg
98%
6.5MLagos
94%
7.0MNairobi
94%
9.7MCasablanca
93%
12.1MAddis Ababa
86%
7.9MAlgiers
86%
6.2MTunis
81%
5.9MDurban
75%
5.3MMarrakesh
70%
3.6MAbuja
60%
4.1MPort Louis/Mauritius
41%
6.6MHurghada
27%
3.7MSharm El Sheikh
21%

Score Distribution

Percentile by Number Answered

Percent of People with Each Score

Your Score History

You have not taken this quiz